<?xml version="1.0" encoding="UTF-8"?>
<record
    xmlns:xsi="http://www.w3.org/2001/XMLSchema-instance"
    xsi:schemaLocation="http://www.loc.gov/MARC21/slim http://www.loc.gov/standards/marcxml/schema/MARC21slim.xsd"
    xmlns="http://www.loc.gov/MARC21/slim">

  <leader>02356agaaa2200337   4500</leader>
  <controlfield tag="001">9535</controlfield>
  <controlfield tag="003">IT-RoPAU</controlfield>
  <controlfield tag="005">20220918181230.0</controlfield>
  <controlfield tag="007">d cvaizq</controlfield>
  <controlfield tag="008">50131s9999||||xx ||| |     ||   ||und||</controlfield>
  <datafield tag="040" ind1=" " ind2=" ">
    <subfield code="a">IT-RoPAU</subfield>
    <subfield code="c">IT-RoPAU</subfield>
  </datafield>
  <datafield tag="041" ind1=" " ind2=" ">
    <subfield code="a">ITALIANO</subfield>
  </datafield>
  <datafield tag="100" ind1=" " ind2=" ">
    <subfield code="a">Jones Kirk</subfield>
    <subfield code="g">Codice regista SPICS: 59826</subfield>
    <subfield code="9">40201</subfield>
  </datafield>
  <datafield tag="130" ind1=" " ind2=" ">
    <subfield code="a">NANNY MCPHEE - TATA MATILDA</subfield>
    <subfield code="9">40202</subfield>
  </datafield>
  <datafield tag="240" ind1=" " ind2=" ">
    <subfield code="a">NANNY MCPHEE</subfield>
    <subfield code="g">T3838</subfield>
  </datafield>
  <datafield tag="245" ind1=" " ind2=" ">
    <subfield code="a">NANNY MCPHEE - TATA MATILDA</subfield>
    <subfield code="c">Prodotto da: Doran L. Bevan T. -- Sceneggiatura: Thompson Emma -- Diretto da: Jones Kirk</subfield>
    <subfield code="p">NANNY MCPHEE - TATA MATILDA (Rif. Codice opera principale : H9535)</subfield>
  </datafield>
  <datafield tag="246" ind1=" " ind2=" ">
    <subfield code="a">NANNY MCPHEE</subfield>
  </datafield>
  <datafield tag="250" ind1=" " ind2=" ">
    <subfield code="a">Edizione Standard</subfield>
  </datafield>
  <datafield tag="260" ind1=" " ind2=" ">
    <subfield code="a">(UK)</subfield>
    <subfield code="b">UNIVERSAL PICTURES - STUDIO CANAL - WORKING / Distribuzione: FAMIGLIA CRISTIANA</subfield>
    <subfield code="g">"2005 (1&#xB0; ed.: 2010 ; Ed. Lingua Orig.: 2005)"</subfield>
  </datafield>
  <datafield tag="300" ind1=" " ind2=" ">
    <subfield code="a">DVD</subfield>
    <subfield code="b">sonoro, col.</subfield>
    <subfield code="c">97 minuti</subfield>
  </datafield>
  <datafield tag="508" ind1=" " ind2=" ">
    <subfield code="a">"Fotografia: Braham Henry; Montaggio: Moore Nick Krish J.; Musica: Doyle Patrick; Sceneggiatura: Thompson Emma; Scenografia: Howells Michael; "</subfield>
  </datafield>
  <datafield tag="511" ind1=" " ind2=" ">
    <subfield code="a">"Thompson Emma; Firth Colin; Macdonald Kelly; Lansbury Angela; Imrie Celia; Jacobi Der"</subfield>
  </datafield>
  <datafield tag="520" ind1=" " ind2=" ">
    <subfield code="a">"MR. BROWN E' UN RICCO VEDOVO CON UN PICCOLO PROBLEMA: HA SETTE SCATENATISSIMI FIGLI CHE NON VOGLIONO SAPERNE DI RIGARE DRITTO. I RAGAZZACCI HANNO GIA' CACCIATO 17 DOMESTICHE E PENSANO DI NON AVER ALCUN PROBLEMA A FAR IMPAZZIRE LA DICIOTTESINA. PECCATO CHE QUESTA VOLTA LA LORO NUOVA BADANTE MATILDA SEMBRI POSSEDERE UNA SORTA DI POTERE MAGICO. IN POCO TEMPO LA TATA RIESCE ACONQUISTARE LE PICCOLE PESTI, A FARSI BENVOLERE DA TUTTA LA FAMIGLIA E A TROVARE UNA BELLA MOGLIE PER IL PADRONE DI CASA. CONTENUTI EXTRA: COMMENTO AL FILM DI EMMA THOMPSON E DELLA PRODUTTRICE LINDSAY DORAN; COMMENTO AL FILMDEL REGISTA KIRK JONES E DEI BAMBINI PROTAGONISTI; COM'E' NATA TATA MATILDA; TRASFORMAZIONE DI TATA MATILDA; BAMBINI; VITA NEL VILLAGGIO; ERRORI; SCENE TAGLIATE; SPECIALE NON SOLO BITORZOLI; TRAILER ORIGINALE E ITALIANO."</subfield>
  </datafield>
  <datafield tag="538" ind1=" " ind2=" ">
    <subfield code="a">PAL, STEREO</subfield>
  </datafield>
  <datafield tag="546" ind1=" " ind2=" ">
    <subfield code="a">ITALIANO</subfield>
  </datafield>
  <datafield tag="650" ind1=" " ind2=" ">
    <subfield code="a">COMMEDIA</subfield>
    <subfield code="e">DVD-FILM [DVD]</subfield>
    <subfield code="x">Codice MATERIA SPICS: 9947</subfield>
    <subfield code="9">36668</subfield>
  </datafield>
  <datafield tag="700" ind1=" " ind2=" ">
    <subfield code="a">Brand Christianna </subfield>
    <subfield code="e">(soggetto)</subfield>
    <subfield code="g">Codice Soggetto SPICS: 59827</subfield>
    <subfield code="9">40203</subfield>
  </datafield>
  <datafield tag="700" ind1=" " ind2=" ">
    <subfield code="a">Doyle Patrick</subfield>
    <subfield code="e">(musica)</subfield>
    <subfield code="g">Codice Musica SPICS: 46596</subfield>
    <subfield code="9">40204</subfield>
  </datafield>
  <datafield tag="700" ind1=" " ind2=" ">
    <subfield code="a">Jones Kirk </subfield>
    <subfield code="e">(regista)</subfield>
    <subfield code="g">Codice regista SPICS: 59826</subfield>
    <subfield code="9">40205</subfield>
  </datafield>
  <datafield tag="942" ind1=" " ind2=" ">
    <subfield code="c">DV</subfield>
    <subfield code="2">ddc</subfield>
  </datafield>
  <datafield tag="999" ind1=" " ind2=" ">
    <subfield code="c">105226</subfield>
    <subfield code="d">105226</subfield>
  </datafield>
  <datafield tag="952" ind1=" " ind2=" ">
    <subfield code="0">0</subfield>
    <subfield code="1">0</subfield>
    <subfield code="4">0</subfield>
    <subfield code="6">H_9535_000000000000000</subfield>
    <subfield code="7">1</subfield>
    <subfield code="a">SPICS</subfield>
    <subfield code="b">SPICS</subfield>
    <subfield code="d">2015-01-31</subfield>
    <subfield code="l">0</subfield>
    <subfield code="o">H9535</subfield>
    <subfield code="r">2015-01-31 00:00:00</subfield>
    <subfield code="w">2015-01-31</subfield>
    <subfield code="y">DV</subfield>
    <subfield code="z">Progr. Ins.: 3903 / N.Vol.:1 / Copie: 1 / Pag.:0 / Copia rara: n.d. / date import: 1.2.2015 / By Epidotti, Trombetti, Vaglietti</subfield>
  </datafield>
</record>
